|
|
|
|
| LEADER |
00000nab a2200000 a 4500 |
| 001 |
vtls000712560 |
| 003 |
SK-MaSNL |
| 005 |
20260304110309.0 |
| 008 |
250429c1999 xo 0 slo |
| 015 |
|
|
|a SNBRB2000/02-04163
|
| 035 |
|
|
|a CLN000064727
|
| 035 |
|
|
|a urn:nbn:sk:snk-abbt2w
|
| 035 |
|
|
|a (urnnbn)urn:nbn:sk:snk:ar-000wt7
|
| 035 |
|
|
|a (uuid)499588fe-39e1-43cd-84cf-77693ef8cce0
|
| 040 |
|
|
|a SNKBUCL
|b slo
|c SNKBUCL
|e AACR2
|
| 041 |
0 |
|
|a slo
|
| 044 |
|
|
|a xo
|c SK
|
| 080 |
|
|
|a 519.248:658.5
|2 1997
|
| 080 |
|
|
|a 658.5
|2 1997
|
| 100 |
1 |
|
|a Hrubec, Jozef,
|d 1948-
|4 aut
|9 105740
|
| 245 |
1 |
0 |
|a Spôsobilosť výrobného procesu
|c Jozef Hrubec
|
| 300 |
|
|
|b Obr.
|
| 504 |
|
|
|a Bibliogr. odkazy
|
| 650 |
0 |
7 |
|a výrobné procesy
|2 snkbucl
|9 49951
|
| 650 |
0 |
7 |
|a regulácia štatistická
|2 snkbucl
|9 1267577
|
| 650 |
0 |
7 |
|a regulačné diagramy
|2 snkbucl
|9 1408611
|
| 655 |
|
7 |
|a články z novín a časopisov
|2 snkbucl
|9 267496
|
| 773 |
0 |
|
|t AT&P journal
|g Roč. 6, č. 7-8 (1999), s. 62-63
|x 1335-2237
|
| 850 |
|
|
|a Slovenská národná knižnica
|
| 852 |
|
|
|a Slovenská národná knižnica
|
| 954 |
|
|
|a odborná, vedecká literatúra pôvodná (slovenská)
|2 lita
|
| 958 |
|
|
|a article15
|
| 958 |
|
|
|a OND
|
| 958 |
|
|
|a NB
|
| 958 |
|
|
|a EUIPO
|
| 992 |
|
|
|a RBX
|
| 999 |
|
|
|c 2859331
|d 2861261
|